QUEST Central Library Banner

CCNA ICND2: Official Exam Certification Guide (Record no. 3924)

MARC details
000 -LEADER
fixed length control field 00397nam a2200145 a 4500
020 ## - INTERNATIONAL STANDARD BOOK NUMBER
ISBN 8131715736 (paperback)
020 ## - INTERNATIONAL STANDARD BOOK NUMBER
ISBN 9788131715734 (paperback)
100 ## - MAIN ENTRY--AUTHOR NAME
Personal name Wendell Odom
245 00 - TITLE STATEMENT
Title CCNA ICND2: Official Exam Certification Guide
250 ## - EDITION STATEMENT
Edition statement 2nd edition
260 ## - PUBLICATION, DISTRIBUTION, ETC. (IMPRINT)
Place of publication [S.l.] :
Name of publisher Pearson,
300 ## - PHYSICAL DESCRIPTION
Number of Pages 1 v. (unpaged)
856 40 - ELECTRONIC LOCATION AND ACCESS
Uniform Resource Identifier http://10.10.170.122:8080/browse/book/2770
942 ## - ADDED ENTRY ELEMENTS (KOHA)
Koha item type Books
Holdings
Withdrawn status Lost status Home library Current library Date acquired Cost, normal purchase price Full call number Accession Number Koha item type Collection code Shelving location
    Reference Section Reference Section 22/05/2014 1253.00 004.6 ODO (Shelf - 05C) 41078 Books Reference Reference
    Seminar Library, Information Technology Seminar Library, Information Technology 22/05/2014 1253.00 004.6ODO 41077 Books    

Copyright © 2018,The QUEST, Nawabshah, Shaheed Benazirabad. All rights reserved
Mr. G. Farooq Channar (Librarian) QUEST, Nawabshah, Sindh, Pakistan 67480.
 Ph#: |   0244-9370381-4 Ext. 2308   Email| lib@quest.edu.pk   Web|  http://www.quest.edu.pk